Greatest Film Directors of All Time - Statistics

General Stats
  • This quiz has been taken 561 times
  • The average score is 18 of 24
Answer Stats
Hint Answer % Correct
A master of suspense. His films are classic after classic, including Vertigo, Psycho, and The Birds. Alfred Hitchcock
94%
He was a genius of silent comedy and one of its first stars. The Tramp and Modern Times Charlie Chaplin
94%
Modern blockbusters Jaws, E.T., and Raiders of the Lost Ark Steven Spielberg
94%
Sleeper, Annie Hall, and Manhattan, he invited moviegoers to laugh at urban neurotics Woody Allen
94%
Larger than life, he debuted with the dazzling Citizen Kane Orson Welles
93%
Reservoir Dogs, Pulp Fiction, and the Kill Bill series. Quentin Tarantino
93%
The TV actor turned spaghetti-Western star. Unforgiven, Mystic River, and Million Dollar Baby Clint Eastwood
92%
He went from Dementia 13 to epics like The Godfather Francis Ford Coppola
92%
You talkin' to him? Taxi Driver, Raging Bull, and The Departed Martin Scorsese
91%
He made science trippy in 2001, Cold War politics slapstick in Dr. Strangelove Stanley Kubrick
91%
Alien, Blade Runner, and Thelma & Louise Ridley Scott
84%
Beetle Juice, Batman, and The Nightmare Before Christmas Tim Burton
82%
He escaped the low-budget likes of Piranha Part Two to make the sci-fi spectacles Terminator, Aliens, and Avatar. James Cameron
81%
Repulsion and Rosemary's Baby Roman Polanski
77%
Blue Velvet, Mulholland Dr. David Lynch
75%
Sunset Blvd. and Ace in the Hole along with the gender-bending Some Like It Hot. Billy Wilder
72%
Sentimental but not sappy. (Mr. Smith Goes to Washington, It's a Wonderful Life) Frank Capra
68%
The quintessential Westerner. Stagecoach and The Searchers John Ford
68%
A Streetcar Named Desire and On the Waterfront Elia Kazan
60%
Metropolis, The Woman in the Window and The Big Heat Fritz Lang
56%
MASH and Nashville Robert Altman
49%
The Graduate, Silkwood, and Closer Mike Nichols
46%
Shadows and A Woman Under the Influence John Cassavetes
35%
He went from Scarface to His Girl Friday and from To Have and Have Not to Gentlemen Prefer Blondes Howard Hawks
33%
No matching quizzes found
Score Distribution
Percent of People with Each Score
Percentile by Number Answered
Your Score History
You have not taken this quiz